| 000 | 00741nam a2200253Ia 4500 | ||
|---|---|---|---|
| 008 | 191130s2002##################000#0#eng## | ||
| 020 | _a9780750655163 | ||
| 022 | _a98139492 | ||
| 040 |
_aACL _cACL |
||
| 082 | _a332.042 ACA | ||
| 245 |
_aAdvanced trading rules _cedited by E. Acar, S. Satchell |
||
| 250 | _a2nd ed | ||
| 260 |
_aOxford ; Woburn, MA _bButterworth-Heinemann _c2002 |
||
| 300 | _axvi, 449 p. : ill. ; 24 cm | ||
| 500 | _aIncludes bibliographical references and index | ||
| 650 | _aElectronic trading of securities | ||
| 650 | _aFutures | ||
| 650 | _aRule-based programming | ||
| 700 | _aAcar, E | ||
| 700 | _aSatchell, S | ||
| 990 | _a2dd2b263ac10000c3f964ddcfa89922b | ||
| 991 | _a148427 | ||
| 999 |
_c363060 _d363060 |
||